| 000 | 01134 a2200241 4500 | ||
|---|---|---|---|
| 001 | 63971 | ||
| 005 | 20260521160827.0 | ||
| 008 | 260521a1991 arg spa d | ||
| 003 | AR-UNSa-BCEJYS | ||
| 040 |
_aAR-UNSa-BCEJYS _bspa _cAR-UNSa-BCEJYS |
||
| 080 |
_a658.012.2 _xPlanificación. Programas. Planes. Medidas de apoyo a la planificación( Administración estratégica...) |
||
| 245 | 1 | 0 | _aGuía para controlar el futuro de la empresa |
| 020 | _a978-968-18-2055-8 | ||
| 264 | 1 |
_aMéxico : _bLimusa _c1991 |
|
| 300 |
_a157 p. _c23 cm. |
||
| 505 | _a1. Antecedentes – 2. Organización del esfuerzo de planificación – 3. Formulación de la problemática – 4. Planificación de fines – 5. Planificación de medios – 6. Planificación de recursos – 7. Puesta en práctica y control – 8. Escenario de referencia – 9. Propuesta de misiones – 10. Especificación de características deseadas – 11. Diseños idealizados – | ||
| 041 | _aspa | ||
| 942 | _cBK | ||
| 590 | _aniveau_biblio:m niveau_hierar:0 | ||
| 100 | 1 | _aAckoff, Ruseell L. | |
| 700 | 1 | _aVergara Finnel, Elsa | |
| 700 | 1 | _aGharajedaghi, Jamshid | |
| 999 |
_c36449 _d36449 |
||